| 000 | 00423nam a22001817a 4500 | ||
|---|---|---|---|
| 003 | LK-CoDNM | ||
| 005 | 20241219152129.0 | ||
| 008 | 241219b |||||||| |||| 00| 0 eng d | ||
| 040 |
_aLK-CoDNM _dLK-CoDNM _eLK-CoDNM |
||
| 041 | _aeng | ||
| 080 |
_a2 _bL15 |
||
| 100 | _aHAECKEL,ERNST | ||
| 245 | _aDAS SYSTEM DER MEDUSEN | ||
| 260 |
_bJENA _c1879 |
||
| 300 | _aXXV, 672P. : 35 CM | ||
| 650 | _aSCIENCE | ||
| 942 | _cBK | ||
| 999 |
_c233740 _d233740 |
||